000
00259nam a22001217a 4500
008
180312b xxu||||| |||| 00| 0 eng d
041
_a
eng
080
_a
621
100
_a
27
101
_a
MEC
245
_a
CUTTING ENERGY COSTS
_c
BOB.B
942
_2
udc
_c
BK
999
_c
44740
_d
44740